[Pretzell, Lothar: lebendiges Gestern
| Titel: | [Pretzell, Lothar: lebendiges Gestern : Erwerbungen von 1959 bis 1974] / W. D. Könenkamp |
|---|---|
| Verfasser: | |
| In: |
Pommern, Band 14, Heft 2 (1976), Seite 45 alle Artikel anzeigen |
| Veröffentlicht: | 1976 |
| Format: | Aufsatz |
| Sprache: | Deutsch |
X
alg: 43256908 001A $03025:14-06-18 001B $01999:27-07-21 $t17:20:40.000 001C $03025:14-06-18 $t09:03:15.000 001D $03025:14-06-18 001U $0utf8 001X $00 002@ $0Aou 002C $aText $btxt $2rdacontent 002D $aohne Hilfsmittel zu benutzen $bn $2rdamedia 002E $aBand $bnc $2rdacarrier 003@ $0432569081 007A $0432569081 $aHEB 010@ $ager 010E $erda 011@ $a1976 013D $#Newspapers Sections, columns, etc. Reviews $#Book reviewing $#Journaux Cahiers, chroniques, etc. Comptes rendus $#Livres Recension $#Rezension $#Buchbesprechung $#Buchrezension $#Buchkritik $74049712-4 $8Rezension [Ts1] $9085138568 021A $a[Pretzell, Lothar: lebendiges Gestern $dErwerbungen von 1959 bis 1974] $hW. D. Könenkamp 028A $BVerfasser $4aut $7 $8Könenkamp, W. D. [Tnu] $9432568980 031A $d14 $e2 $h45 $j1976 039B $aEnthalten in $8--Abvc--. Pommern. - Greifswald : Pommersche Stiftung für historische Bildung, 1967-. - ISSN 0032-4167 $x197600000140002955 $9048244473 039T $aRezension von $8--Aau--. Lebendiges Gestern. - Berlin : Museum f. Deutsche Volkskunde, 1975. - 257 S. $9058532161 045F $a900.9437 $eDDC23BSB 045F/01 $a900 045F/03 $g437 045T $a7,41 $a8,1 lok: 43256908 78 exp: 43256908 78 1 #EPN 201B/01 $014-06-18 $t09:03:15.000 201C/01 $014-06-18 201U/01 $0utf8 203@/01 $01023558831 208@/01 $a14-06-18 $be 209A/01 $a/ $f000 $x00 209A/01 $ab*p $x01 220C/01 $awma 244Z/01 $#Ostmitteleuropa $#Ostmitteleuropa $#Mitteleuropa, Ost $#Central Europe Ostmitteleuropa $#Mittelosteuropa $74075753-5 $8--Tg1--Ostmitteleuropa $x12 $9085214485 247C/01 $82080>Marburg/Lahn, Herder-Institut, Forschungsbibliothek, Bibliographieportal $9336309341
| LEADER | 00000caa a2200000 c 4500 | ||
|---|---|---|---|
| 001 | 432569081 | ||
| 003 | DE-603 | ||
| 005 | 20210727172040.0 | ||
| 007 | tu | ||
| 008 | 180614s1976 xx |||| | u00||u|ger c | ||
| 035 | |a (DE-599)HEB432569081 | ||
| 040 | |a DE-603 |b ger |c DE-603 |d DE-603 |e rda | ||
| 041 | |a ger | ||
| 082 | 0 | 4 | |8 1\u |a 900.9437 |q DE-101 |2 23/BSB |
| 084 | |a 7,41 |a 8,1 |2 ssgn | ||
| 085 | |8 1\u |b 900 | ||
| 085 | |8 1\u |z 2 |s 437 | ||
| 100 | 1 | |a Könenkamp, W. D. |e Verfasser |4 aut |0 (DE-603)432568980 | |
| 245 | 0 | 0 | |a [Pretzell, Lothar: lebendiges Gestern |b Erwerbungen von 1959 bis 1974] |c W. D. Könenkamp |
| 264 | 0 | |c 1976 | |
| 336 | |a Text |b txt |2 rdacontent | ||
| 337 | |a ohne Hilfsmittel zu benutzen |b n |2 rdamedia | ||
| 338 | |a Band |b nc |2 rdacarrier | ||
| 655 | 7 | |a Rezension |2 gnd-content |0 (DE-588)4049712-4 |0 (DE-603)085138568 | |
| 773 | 0 | 8 | |i Enthalten in |t Pommern |d Greifswald : Pommersche Stiftung für historische Bildung, 1967- |h 30 cm |x 0032-4167 |g Band 14, Heft 2 (1976), Seite 45 |w (DE-603)048244473 |w (DE-600)958645-3 |
| 787 | 0 | 8 | |i Rezension von |t Lebendiges Gestern |d Berlin : Museum f. Deutsche Volkskunde, 1975 |h 257 S. |w (DE-603)058532161 |
| 924 | 0 | |9 2080 |a (DE-603)1023558831 |b DE-2080 |c HES |d d |g / | |


